000 004370000a22001690004500
003 MACL
005 20150802132122.0
008 150802b xxu||||| |||| 00| 0 eng d
040 _aMACL
_cMACL
041 _aEnglish
082 _a398/CHA
100 _aChoudhary, P.C. Roy
_94349
245 _aFolk Tales of Bangladesh
260 _bSterling Publishes Private Limited
_c1982
_aNew Delhi
650 _aFolkore
_94287
942 _cBK
_k398
_2ddc
999 _c5696
_d5696